000 00786nam a2200241Ia 4500
003 OSt
005 20220926001148.0
006 a|||||r|||| 00| 0
007 ta
008 220923b |||||||| |||| 00| 0 eng d
037 _cGeneral Book
040 _aRTL
_cRTL
_beng
041 _2eng
_aeng
082 _aX93.2.N72<--N71t, L2/GD
110 _aINDIA, PETROLEUM AND CHEMICALS (Ministry of--).
_9303491
245 0 _aCommittee on public undertaking (1971-72)
_b Sixteenth report.
260 _a New Delhi
_bLok Sabha Secretariat
_c1972
300 _avii,294p.
_ccm.
500 _aAppendix: 240-294p.
700 _aINDIA, PETROLEUM AND CHEMICALS (Ministry of--).
_9303492
942 _hX93.2.N72<--N71t, L2/GD
_cGB
_2CC
999 _c600727
_d600727